[Event "Tamil Nadu IM 8th"]
[Site "Chennai"]
[Date "2023.12.04"]
[Round "3"]
[White "Md Imran"]
[Black "Abdyjapar, Asyl"]
[Result "0-1"]
[WhiteElo "2174"]
[BlackElo "2340"]
[PlyCount "80"]
[EventDate "2023.12.03"]
[EventType "tourn"]
[EventRounds "9"]
[EventCountry "IND"]
[EventCategory "1"]
[SourceTitle "CB50_2023"]
[SourceDate "2023.12.13"]
[SourceVersion "1"]
[SourceVersionDate "2023.12.13"]
[SourceQuality "1"]

1. Nf3 Nf6 2. b3 c5 3. Bb2 e6 4. g3 b6 5. Bg2 Bb7 6. 0-0 Be7 7. c4 0-0 8. d4 cxd4 9. Qxd4 d6 10. Rd1 Nbd7 11. Nc3 a6 12. e4 Qc7 13. Rac1 Rac8 14. Qe3 Rfe8 15. h3 Qb8 16. Nd4 Bf8 17. g4 h6 18. f4 e5 19. Nf5 d5 20. fxe5 Bc5 21. Nd4 Qxe5 22. cxd5 Nxd5 23. Nxd5 Bxd5 24. b4 Bd6 25. Rxc8 Rxc8 26. Nf5 Qh2+ 27. Kf1 Rc2 28. Rd2 Bc4+ 29. Kf2 Bf4 30. Rxc2 Bxe3+ 31. Kxe3 Qg1+ 32. Kf4 Qd1 33. Ne3 g5+ 34. Kg3 Qe1+ 35. Kf3 b5 36. Nxc4 Qd1+ 37. Re2 bxc4 38. Kf2 Nf8 39. Re1 Qd2+ 40. Re2 Qxb4 0-1

[Event "Tamil Nadu IM 8th"]
[Site "Chennai"]
[Date "2023.12.03"]
[Round "2"]
[White "Abdyjapar, Asyl"]
[Black "Rohit, S3."]
[Result "1-0"]
[WhiteElo "2340"]
[BlackElo "2212"]
[PlyCount "65"]
[EventDate "2023.12.03"]
[EventType "tourn"]
[EventRounds "9"]
[EventCountry "IND"]
[EventCategory "1"]
[SourceTitle "CB50_2023"]
[SourceDate "2023.12.13"]
[SourceVersion "1"]
[SourceVersionDate "2023.12.13"]
[SourceQuality "1"]

1. d4 d5 2. c4 e6 3. Nc3 Be7 4. Bf4 Nf6 5. e3 0-0 6. Rc1 Nbd7 7. c5 c6 8. Bd3 b6 9. b4 a5 10. a3 axb4 11. axb4 bxc5 12. bxc5 e5 13. dxe5 Ne8 14. Nf3 Nxc5 15. Be2 Ba6 16. 0-0 Nc7 17. Nd4 Qd7 18. Bg3 N7e6 19. Nf5 Ng5 20. Bxa6 Qxf5 21. Be2 Qd7 22. Bg4 Qa7 23. Bf5 Nge6 24. Ne2 g6 25. Bxe6 fxe6 26. Nd4 Qd7 27. Qg4 Kf7 28. Bh4 h5 29. Qh3 Ra6 30. Bxe7 Qxe7 31. Rxc5 Qxc5 32. Qxe6+ Kg7 33. Qd7+ 1-0

[Event "Tamil Nadu IM 7th"]
[Site "Chennai"]
[Date "2023.11.30"]
[Round "8"]
[White "Abdyjapar, Asyl"]
[Black "Ziatdinov, Raset"]
[Result "1-0"]
[WhiteElo "2326"]
[BlackElo "2077"]
[PlyCount "73"]
[EventDate "2023.11.26"]
[EventType "tourn"]
[EventRounds "9"]
[EventCountry "IND"]
[EventCategory "1"]
[SourceTitle "CB49_2023"]
[SourceDate "2023.12.06"]
[SourceVersion "1"]
[SourceVersionDate "2023.12.06"]
[SourceQuality "1"]

1. d4 d5 2. Nc3 Nf6 3. Bf4 e6 4. Nb5 Na6 5. e3 c6 6. Nc3 Bb4 7. Bxa6 bxa6 8. Nge2 Nh5 9. 0-0 0-0 10. Na4 Nxf4 11. Nxf4 Bd6 12. Nd3 f6 13. f4 Rb8 14. b3 Rb7 15. Qh5 Re7 16. Nac5 Qe8 17. Qxe8 Rfxe8 18. e4 dxe4 19. Nxe4 Bc7 20. c3 a5 21. Ndc5 Rf8 22. Rad1 g6 23. h3 h6 24. Rf3 Ref7 25. a4 g5 26. fxg5 hxg5 27. Re1 Kg7 28. Nd2 Re7 29. Nc4 Rh8 30. Ne4 f5 31. Nc5 Kf6 32. Ne5 Bxe5 33. Rxe5 Rh4 34. Ne4+ Kg6 35. Nd6 Rh8 36. Nxf5 Rf7 37. Nd6 1-0

[Event "Tamil Nadu IM 7th"]
[Site "Chennai"]
[Date "2023.11.26"]
[Round "2"]
[White "Abdyjapar, Asyl"]
[Black "Chitlange, Sakshi"]
[Result "1/2-1/2"]
[WhiteElo "2326"]
[BlackElo "2224"]
[PlyCount "77"]
[EventDate "2023.11.26"]
[EventType "tourn"]
[EventRounds "9"]
[EventCountry "IND"]
[EventCategory "1"]
[SourceTitle "CB49_2023"]
[SourceDate "2023.12.06"]
[SourceVersion "1"]
[SourceVersionDate "2023.12.06"]
[SourceQuality "1"]

1. e4 c6 2. d4 d5 3. e5 c5 4. Nf3 cxd4 5. Qxd4 Nc6 6. Qf4 e6 7. Bd3 Nb4 8. Nc3 Nxd3+ 9. cxd3 Ne7 10. Ng5 Nf5 11. g4 Nh6 12. Be3 Be7 13. Nf3 Qa5 14. 0-0 0-0 15. Qg3 f6 16. d4 Nf7 17. a3 Bd7 18. Rfe1 Qb6 19. Re2 Ng5 20. Ne1 f5 21. f4 Ne4 22. Nxe4 fxe4 23. Rf2 Rac8 24. Ng2 Qb3 25. Raf1 Bb5 26. Re1 Rc2 27. Rxc2 Qxc2 28. Qf2 Rc8 29. Rc1 Qxc1+ 30. Bxc1 Rxc1+ 31. Ne1 Rd1 32. Kg2 Bd8 33. Qc2 Rxe1 34. Qc8 Re2+ 35. Kg3 Re3+ 36. Kg2 Re2+ 37. Kg3 Re3+ 38. Kf2 Re2+ 39. Kg3 1/2-1/2

[Event "Tamil Nadu IM 6th"]
[Site "Chennai"]
[Date "2023.11.20"]
[Round "3"]
[White "Gochelashvili, David"]
[Black "Abdyjapar, Asyl"]
[Result "0-1"]
[WhiteElo "2304"]
[BlackElo "2326"]
[PlyCount "86"]
[EventDate "2023.11.19"]
[EventType "tourn"]
[EventRounds "9"]
[EventCountry "IND"]
[EventCategory "1"]
[SourceTitle "CB48_2023"]
[SourceDate "2023.11.29"]
[SourceVersion "1"]
[SourceVersionDate "2023.11.29"]
[SourceQuality "1"]

1. d4 Nf6 2. c4 e6 3. g3 c5 4. d5 exd5 5. cxd5 d6 6. Nc3 g6 7. Bg2 Bg7 8. Nf3 0-0 9. 0-0 Re8 10. Nd2 a6 11. a4 Nbd7 12. Nc4 Ne5 13. Na3 Rb8 14. e4 Nh5 15. h3 Bd7 16. Nc2 b5 17. axb5 axb5 18. b4 Nc4 19. Bd2 Qc7 20. Rc1 Rbc8 21. Be1 Nb2 22. Qf3 c4 23. Bd2 Nd3 24. Rb1 f5 25. exf5 Bxf5 26. Nxb5 Qd7 27. Nbd4 Ne5 28. Qd1 Bxh3 29. Ne6 Bxg2 30. Kxg2 Qb7 31. Nxg7 Qxd5+ 32. f3 Nxg7 33. Bc3 Nd3 34. Qd2 Nf5 35. b5 Re7 36. b6 Rce8 37. Rf2 Qb7 38. g4 Nxf2 39. Kxf2 Nh4 40. Nd4 Rf8 41. Qd1 Nxf3 42. Nxf3 Ref7 43. Kg1 Rxf3 0-1

[Event "Tamil Nadu IM 4th"]
[Site "Chennai"]
[Date "2023.11.09"]
[Round "6"]
[White "Abdyjapar, Asyl"]
[Black "Nandhidhaa, PV."]
[Result "0-1"]
[WhiteElo "2326"]
[BlackElo "2272"]
[PlyCount "70"]
[EventDate "2023.11.06"]
[EventType "tourn"]
[EventRounds "9"]
[EventCountry "IND"]
[EventCategory "2"]
[SourceTitle "CB46_2023"]
[SourceDate "2023.11.15"]
[SourceVersion "1"]
[SourceVersionDate "2023.11.15"]
[SourceQuality "1"]

1. d4 Nf6 2. c4 g6 3. Nc3 Bg7 4. e4 d6 5. Nf3 0-0 6. Be2 e5 7. 0-0 Bg4 8. d5 a5 9. Be3 Na6 10. Nd2 Bd7 11. a3 Ne8 12. Rb1 f5 13. f3 Nf6 14. b4 b6 15. c5 axb4 16. axb4 bxc5 17. Bxa6 cxb4 18. Bb7 bxc3 19. Bxa8 Qxa8 20. Ra1 Qb8 21. Ba7 Qb5 22. Nb1 Qb2 23. Na3 fxe4 24. Nc2 exf3 25. gxf3 Qb7 26. Ra5 Bh3 27. Re1 Nh5 28. Re3 Rf5 29. f4 Nxf4 30. Rxc3 Qb2 31. Re3 Bg4 32. Qxg4 Qxc2 33. h4 Qc1+ 34. Kh2 Qd2+ 35. Kg1 Qxa5 0-1

[Event "Tamil Nadu IM 4th"]
[Site "Chennai"]
[Date "2023.11.08"]
[Round "4"]
[White "Abdyjapar, Asyl"]
[Black "Laddha, Shubh Jayesh"]
[Result "1-0"]
[WhiteElo "2326"]
[BlackElo "2373"]
[PlyCount "107"]
[EventDate "2023.11.06"]
[EventType "tourn"]
[EventRounds "9"]
[EventCountry "IND"]
[EventCategory "2"]
[SourceTitle "CB46_2023"]
[SourceDate "2023.11.15"]
[SourceVersion "1"]
[SourceVersionDate "2023.11.15"]
[SourceQuality "1"]

1. e4 e5 2. Nf3 Nc6 3. Bb5 a6 4. Ba4 Nf6 5. 0-0 Be7 6. Re1 b5 7. Bb3 0-0 8. a4 b4 9. d4 d6 10. dxe5 dxe5 11. Nbd2 Bc5 12. c3 bxc3 13. bxc3 Rb8 14. a5 Qd3 15. Qc2 Qxc2 16. Bxc2 Bd6 17. Nc4 Be6 18. Nxd6 cxd6 19. Be3 d5 20. Bc5 Rfc8 21. exd5 Bxd5 22. Bd6 Rb5 23. Nxe5 Nxa5 24. Bd3 Rb6 25. Bb4 Nc4 26. h3 Nxe5 27. Rxe5 Bc4 28. Bxc4 Rxc4 29. Rd1 Rc8 30. Re7 h6 31. Ra7 Rbc6 32. Rd4 R8c7 33. Rxc7 Rxc7 34. Kf1 Nd7 35. Ke2 f6 36. f4 Kf7 37. Kd3 Nc5+ 38. Bxc5 Rxc5 39. Rd7+ Kg6 40. c4 Ra5 41. Kc3 Ra1 42. Kb2 Ra4 43. Kb3 Ra1 44. g4 h5 45. gxh5+ Kh6 46. Rd2 Rh1 47. c5 Rxh3+ 48. Kb4 Rxh5 49. c6 Rb5+ 50. Kc4 Rb8 51. Kc5 Kg6 52. Rd5 Rb1 53. c7 Rc1+ 54. Kd6 1-0

[Event "Tamil Nadu IM 3rd"]
[Site "Chennai"]
[Date "2023.11.03"]
[Round "8"]
[White "Abdyjapar, Asyl"]
[Black "Adireddy, Arjun"]
[Result "0-1"]
[WhiteElo "2326"]
[BlackElo "2155"]
[PlyCount "80"]
[EventDate "2023.10.30"]
[EventType "tourn"]
[EventRounds "9"]
[EventCountry "IND"]
[SourceTitle "Mega2024 Update 01"]
[Source "Chessbase"]
[SourceDate "2023.11.12"]
[SourceVersion "1"]
[SourceVersionDate "2023.11.12"]
[SourceQuality "1"]

1. d4 d5 2. Nc3 Nf6 3. Bf4 a6 4. e3 Bf5 5. Nf3 e6 6. Ne5 Bd6 7. g4 Bxe5 8. dxe5 Nxg4 9. h3 Nh6 10. Rg1 Bg6 11. Bg5 Qd7 12. h4 Ng8 13. h5 Bf5 14. f3 d4 15. Qxd4 Qxd4 16. exd4 Bxc2 17. Rc1 Bf5 18. d5 Nd7 19. f4 f6 20. Bh4 g5 21. fxg5 Nxe5 22. Be2 fxg5 23. Bxg5 Nf7 24. dxe6 Bxe6 25. Ne4 Nxg5 26. Nxg5 Bd5 27. Rxc7 Ne7 28. Bf3 h6 29. Kf2 hxg5 30. Re1 0-0 31. Rexe7 Rxf3+ 32. Ke2 Rf7 33. Rxf7 Bxf7 34. Rxb7 Bxh5+ 35. Kf2 Bf7 36. a4 Kg7 37. a5 Re8 38. b4 Re5 39. Rb6 Bc4 40. Kg3 Re4 0-1

[Event "Tamil Nadu IM 2nd"]
[Site "Chennai"]
[Date "2023.10.26"]
[Round "6"]
[White "Abdyjapar, Asyl"]
[Black "Harshad, S."]
[Result "1/2-1/2"]
[WhiteElo "2314"]
[BlackElo "2177"]
[PlyCount "62"]
[EventDate "2023.10.23"]
[EventType "tourn"]
[EventRounds "9"]
[EventCountry "IND"]
[SourceTitle "Mega2024 Update 01"]
[Source "Chessbase"]
[SourceDate "2023.11.12"]
[SourceVersion "1"]
[SourceVersionDate "2023.11.12"]
[SourceQuality "1"]

1. d4 Nf6 2. Nc3 d5 3. Bf4 e6 4. e3 Bb4 5. Nge2 0-0 6. a3 Bd6 7. g4 Nxg4 8. Bxd6 Qxd6 9. Nf4 f5 10. Qf3 c6 11. Qg3 Qe7 12. Rg1 Rf7 13. 0-0-0 Nd7 14. Nd3 b6 15. Re1 Bb7 16. f3 Ngf6 17. Bh3 c5 18. Ne5 Nxe5 19. dxe5 Ne8 20. Ne2 Nc7 21. Nf4 b5 22. Nh5 Kh8 23. Rg2 g6 24. Nf4 Rg7 25. Qf2 d4 26. exd4 cxd4 27. Qxd4 Nd5 28. Rd2 Rc8 29. Bf1 a6 30. Bd3 Nxf4 31. Qxf4 Bd5 1/2-1/2

[Event "Tamil Nadu IM 1st"]
[Site "Chennai"]
[Date "2023.10.21"]
[Round "9"]
[White "Abdyjapar, Asyl"]
[Black "Harshad, S."]
[Result "0-1"]
[WhiteElo "2314"]
[BlackElo "2177"]
[PlyCount "72"]
[EventDate "2023.10.16"]
[EventType "tourn"]
[EventRounds "9"]
[EventCountry "IND"]
[SourceTitle "Mega2024 Update 01"]
[Source "Chessbase"]
[SourceDate "2023.11.12"]
[SourceVersion "1"]
[SourceVersionDate "2023.11.12"]
[SourceQuality "1"]

1. d4 Nf6 2. c4 e6 3. Nc3 Bb4 4. a3 Bxc3+ 5. bxc3 Nc6 6. f3 b6 7. e4 d6 8. Bd3 Na5 9. Ne2 Ba6 10. 0-0 Nd7 11. Ng3 0-0 12. f4 f5 13. Qe2 g6 14. Rb1 Re8 15. Re1 c6 16. c5 Bxd3 17. Qxd3 d5 18. exf5 exf5 19. Bd2 Nc4 20. a4 bxc5 21. Rb7 Rxe1+ 22. Bxe1 Nd6 23. Rxd7 Qxd7 24. dxc5 Re8 25. Bf2 Nc4 26. h3 Qe7 27. Kh2 Rb8 28. Bd4 Qe6 29. a5 a6 30. Qd1 Rb2 31. Qf1 Kf7 32. Qd3 Ke8 33. Be5 Nxe5 34. fxe5 Qxe5 35. Qxa6 Kd7 36. Qf1 f4 0-1

[Event "Tamil Nadu IM 1st"]
[Site "Chennai"]
[Date "2023.10.17"]
[Round "3"]
[White "Abdyjapar, Asyl"]
[Black "Ziatdinov, Raset"]
[Result "1-0"]
[WhiteElo "2314"]
[BlackElo "2081"]
[PlyCount "61"]
[EventDate "2023.10.16"]
[EventType "tourn"]
[EventRounds "9"]
[EventCountry "IND"]
[SourceTitle "Mega2024 Update 01"]
[Source "Chessbase"]
[SourceDate "2023.11.12"]
[SourceVersion "1"]
[SourceVersionDate "2023.11.12"]
[SourceQuality "1"]

1. d4 Nf6 2. c4 e6 3. Nf3 Bb4+ 4. Bd2 Qe7 5. Nc3 Bxc3 6. Bxc3 Ne4 7. Qc2 Nxc3 8. Qxc3 d6 9. e3 0-0 10. c5 Nc6 11. Be2 dxc5 12. dxc5 e5 13. b4 e4 14. Nd2 Bf5 15. 0-0 Rfe8 16. Rfd1 Qg5 17. Nc4 Bh3 18. g3 Re6 19. Rd2 Qf5 20. b5 Rf6 21. Bf1 Bxf1 22. bxc6 Bh3 23. cxb7 Rf8 24. f4 exf3 25. Kf2 Qh5 26. Qe5 Bf5 27. h4 Qg4 28. Qe7 Qh3 29. Qxf8+ Kxf8 30. b8Q+ Bc8 31. Rd8+ 1-0

[Event "Tamil Nadu IM 1st"]
[Site "Chennai"]
[Date "2023.10.16"]
[Round "2"]
[White "Gochelashvili, David"]
[Black "Abdyjapar, Asyl"]
[Result "0-1"]
[WhiteElo "2277"]
[BlackElo "2314"]
[PlyCount "150"]
[EventDate "2023.10.16"]
[EventType "tourn"]
[EventRounds "9"]
[EventCountry "IND"]
[SourceTitle "Mega2024 Update 01"]
[Source "Chessbase"]
[SourceDate "2023.11.12"]
[SourceVersion "1"]
[SourceVersionDate "2023.11.12"]
[SourceQuality "1"]

1. e4 e5 2. Nf3 Nc6 3. Bc4 Bc5 4. c3 Nf6 5. d3 0-0 6. 0-0 d6 7. Bg5 h6 8. Bh4 a6 9. Re1 g5 10. Bg3 Bg4 11. Nbd2 Na5 12. Bd5 c6 13. h3 Bh5 14. Bb3 Nxb3 15. Nxb3 Ba7 16. Nbd2 Bg6 17. Nf1 Nh5 18. d4 f6 19. Qb3+ Rf7 20. Rad1 Qc7 21. N3h2 Kh7 22. Ng4 Re8 23. f3 Nxg3 24. Nxg3 exd4 25. cxd4 d5 26. e5 Re6 27. Kf1 h5 28. Nxf6+ Rexf6 29. exf6 Rxf6 30. Re5 Bxd4 31. Rxg5 Qf4 32. Rxg6 Rxg6 33. Ne2 Qh2 34. Rxd4 Qh1+ 35. Kf2 Rxg2+ 36. Ke3 Qe1 37. Qxb7+ Kg8 38. Qc8+ Kg7 39. Qd7+ Kg8 40. Qe6+ Kg7 41. Qe5+ Kg8 42. Rd2 Qf2+ 43. Kd3 Qxf3+ 44. Qe3 Qf5+ 45. Kd4 Rf2 46. Qg3+ Kh7 47. Qd3 c5+ 48. Kxc5 Qxd3 49. Rxd3 Rxe2 50. Rb3 Kg6 51. a4 Rd2 52. a5 Kf5 53. Kb6 d4 54. Kxa6 d3 55. Kb6 Ke4 56. a6 Rg2 57. a7 Rg8 58. Ra3 d2 59. Ra1 Rg6+ 60. Kc5 Rg5+ 61. Kc4 Rg8 62. Kb5 Rg5+ 63. Kc6 Rg6+ 64. Kb7 Rg7+ 65. Ka6 Rg6+ 66. Ka5 Rg5+ 67. Kb4 Rg8 68. Kc3 Ke3 69. b4 Ra8 70. Kc2 Ke2 71. Rh1 Rxa7 72. Rh2+ Ke3 73. Rh1 Rc7+ 74. Kb2 h4 75. Rg1 Rc4 0-1

[Event "Titled Tuesday intern op 19th Sep Early"]
[Site "Chess.com INT"]
[Date "2023.09.19"]
[Round "3"]
[White "Abdyjapar, Asyl"]
[Black "Oparin, Grigoriy"]
[Result "0-1"]
[WhiteElo "2314"]
[BlackElo "2681"]
[PlyCount "120"]
[EventDate "2023.09.19"]
[EventType "swiss (blitz)"]
[EventRounds "11"]
[EventCountry "USA"]
[SourceTitle "EXT 2024"]
[Source "ChessBase"]
[SourceDate "2023.10.10"]
[SourceVersion "1"]
[SourceVersionDate "2023.10.10"]
[SourceQuality "1"]

1. d4 d6 2. c4 f5 3. Nc3 Nf6 4. Bg5 e6 5. e3 Be7 6. Bd3 0-0 7. Nge2 Qe8 8. Qc2 Nc6 9. a3 h6 10. Bh4 g5 11. Bg3 Nh5 12. f3 e5 13. Nd5 Bd8 14. 0-0-0 Nf6 15. Kb1 Kg7 16. dxe5 Nxe5 17. h4 g4 18. Nd4 Nxd3 19. Qxd3 Nxd5 20. cxd5 Qg6 21. h5 Qh7 22. Bf4 Kg8 23. Rc1 Rf7 24. Ka1 a5 25. Rc2 a4 26. Rhc1 Bd7 27. Nb5 Bxb5 28. Qxb5 b6 29. Qe8+ Rf8 30. Qe6+ Qf7 31. Qxh6 Ra5 32. Bg5 Bxg5 33. Qxg5+ Qg7 34. Qxg7+ Kxg7 35. Rxc7+ Kh6 36. e4 fxe4 37. fxe4 Re8 38. R1c4 b5 39. R4c6 Rxe4 40. Rxd6+ Kxh5 41. Rg7 Kh4 42. Rdg6 b4 43. axb4 Rxd5 44. Rc7 Kg3 45. Rc2 Rxb4 46. Rgc6 Rf5 47. Ka2 Re4 48. R6c3+ Kh2 49. Rc4 Rxc4 50. Rxc4 g3 51. Rxa4 Kxg2 52. Rg4 Kf3 53. Rg8 g2 54. Ka3 Rf4 55. Rxg2 Kxg2 56. b4 Kf3 57. Ka4 Ke4 58. Ka5 Kd5 59. b5 Kc5 60. b6 Rb4 0-1